00485 a2200157 4500001000700000040003500007100002000042240004700062245004200109300000700151362000900158697002400167942000700191952011000198999001900308148913 cEscola São Tomás de Aquino aLARREULA, Enric10aOs grandes negócios da Bruxa Onildalpor10aOs grandes negócios da Bruxa Onilda a390 a2011 a*LITERATURA INFANTO cBK 00104070a12.22b12.22d2024-04-30l0o028.52 LAR GRApEST00002923r2024-07-05 17:19:10w2024-04-30yBK c148913d148913